Ανιμασιόν : ψυχαγωγία και άθληση στον τουρισμό

Αποθηκεύτηκε σε:
Λεπτομέρειες βιβλιογραφικής εγγραφής
Κύριος συγγραφέας: Γλυνιά, Ελένη Θ.
Άλλοι συγγραφείς: Λύτρας, Περικλής Ν., 1953-, Μάρας, Δημήτρης Ν.
Μορφή: Βιβλίο
Γλώσσα:Greek
Δημοσίευση: Αθήνα : Interbooks, c2004
Θέματα:
Ετικέτες: Προσθήκη ετικέτας
Δεν υπάρχουν, Καταχωρήστε ετικέτα πρώτοι!

MARC

LEADER 00000cam a2200000 i 4500
001 1/16902
008 111130s2004 gre d
020 |a 960-390-47-4 
035 |l 10111521 
040 |a GR-MY-UA  |b gre  |e aacr 
041 0 |a gre 
082 0 |a 338.4791  |2 (22) 
100 1 |a Γλυνιά, Ελένη Θ. 
245 1 0 |a Ανιμασιόν :  |b ψυχαγωγία και άθληση στον τουρισμό /  |c Ελένη Θ. Γλυνιά; Περικλής Ν. Λύτρας; Δημήτρης Ν. Μάρας 
260 |a Αθήνα :   |b Interbooks,   |c c2004 
300 |a 199 σ.;  |b έγχρ. εικ.;  |c 24 εκ. 
504 |a Βιβλιογραφία: σ. 197-199 
650 0 0 |a Sports and tourism. 
650 0 0 |a Tourism. 
650 0 0 |a Hospitality industry. 
650 0 0 |a Sports  |x Economic aspects. 
650 0 0 |a Sports  |x Social aspects. 
700 1 |a Λύτρας, Περικλής Ν.,   |d 1953- 
700 1 |a Μάρας, Δημήτρης Ν. 
852 |a INST  |b CHIOS  |e 20111130  |h 338.4791 ΓΛΥ  |p 005200033423  |q 005200033423  |t BK  |y 4  |x 20150107 
901 |a BIBL2-2011-2 
909 |a Χ  |b 168848 
970 |a ΣΑΛΑΜΟΥΡΑ  |b ΜΑΡΙΑ  |z 2011/11/30